| 000 | 01351nam a22001457a 4500 | ||
|---|---|---|---|
| 040 | _cNUST | ||
| 082 | _a537,ALE | ||
| 100 |
_aAlerich, Walter N _962349 |
||
| 245 |
_aElectricity 4 : _bMotors, Controls, Alternators / _cWalter N. Alerich |
||
| 250 | _a4th ed. | ||
| 260 |
_aIndia _bDelmar _c1986 |
||
| 300 | _a256 p.: | ||
| 505 | _aPhysical and Electrical Characteristics of Three-Phase Alternators (Page-1), Engine-Driven Generating Sets (Page-15), Parallel Operation of Three-Phase Alternators (Page-21), Wring for Alternators (Page-31), Summary Review of 1-4 (Page-43), Three-Phase, Squirrel-Cage Induction Motor (Page-47), Electromagnetically and Solid-State Relays (Page-67), Stating Three-Phase, Squirrel-Cage Induction Motors (Page-73), Manual Starting Compensatory (Page-87), Three-Phase, Wound-Rotor Induction Motor (Page-93), Manual Speed Controllers for Wound-Rotor Induction Motors (Page-105), The Synchronous Motor (Page-117), Controllers for Three-Phase Motors (Page-127), Three-Phase Motor Installations (Page-155), Motor Maintenance (page-171), Summary Review of Units 6-15 (Page-187), Selsyn Units (Page-197), Single-Phase Induction Motors (Page-203), Repulsion Motors (Page-219), Alternating-Current Series Motors (Page-229), Summary Review of Units 17-20 (Page-235)Glossary (Page-243), Index (Page-251). | ||
| 942 |
_2ddc _cBK _m537,ALE |
||
| 999 |
_c592543 _d592543 |
||